Movies Quiz

Random Movies or Actress Quiz

Ocean's 11 Actors Quiz Stats

 Plays Quiz Updated Dec 26, 2018

     
Support Sporcle.
Go Orange.
Score 0/18 Timer 04:00
1 Play Today
Character Actor/Actress % Correct
Danny OceanGeorge Clooney
98.3%
Rusty RyanBrad Pitt
96.9%
Tess OceanJulia Roberts
89.2%
Linus CaldwellMatt Damon
87.7%
Terry BenedictAndy Garcia
56.1%
Basher TarrDon Cheadle
56%
Frank CattonBernie Mac
54.5%
Virgil MalloyCasey Affleck
46.1%
Isabel LahiriCatherine Zeta-Jones
38.8%
Character Actor/Actress % Correct
Willy BankAl Pacino
37.1%
Reuben TishkoffElliott Gould
28.1%
Turk MalloyScott Caan
27.2%
Saul BloomCarl Reiner
18.8%
Roman NagelEddie Izzard
9.6%
Abigail SponderEllen Barkin
9%
Fran├žois ToulourVincent Cassel
5.8%
Livingston DellEddie Jemison
4.3%
'The Amazing' YenShaobo Qin
3.9%

From the Vault

Tricky Triangles Minefield Challenge

by Magnavox

And now you can hear the echoes of every geometry teacher telling you the triangle is the most stable shape.
Remove Ads.
Support Sporcle.
Get the best of Sporcle when you Go Orange. This ad-free experience offers more features, more stats, and more fun while also helping to support Sporcle. Thank you for becoming a member.

Show Comments

Extras

Top Quizzes Today


Score Distribution

Your Account Isn't Verified!

In order to create a playlist on Sporcle, you need to verify the email address you used during registration. Go to your Sporcle Settings to finish the process.

Report this User

Report this user for behavior that violates our Community Guidelines.

Details: